000 00382pab a2200145 454500
008 180718b2001 xxu||||| |||| 00| 0 eng d
245 _aSPECIAL number on assessment and accreditation in higher education
260 _c2001
300 _ap.3-85
362 _a3 Sep
650 _aHigher education
650 _aEducational assessment
773 _aUniversity News
909 _a49966
999 _c49966
_d49966